000 00565nam a2200229Ia 4500
003 OSt
005 20220924142011.0
006 a|||||r|||| 00| 0
007 ta
008 220923b |||||||| |||| 00| 0 ben d
024 _a300024
037 _cTextual
040 _aARTS
_cARTS
_bben
041 _2ben
_aben
082 _aU8.24, 157M0
100 _aMukhopadhyay
_9154775
245 0 _aHimalay tirthe sadhu - sanga
260 _c1980
650 _aGEOGRAPHY
942 _hU8.24, 157M0
_cTEXL
_2CC
999 _c448925
_d448925